000 00254nam a22000977a 4500
008 241128b |||||||| |||| 00| 0 eng d
020 _a9788129135810
100 _aGhosh Biswadeep
_97816
245 _aThe Man, The Leader MSD
260 _aNew Delhi
_bRupa
_c2023
999 _c12717
_d12717